000 00525nam a2200193 4500
001 117636
003 ES-MaACL
005 20230906190937.0
007 t|
008 070214s1944 it r ||||1| ita d
100 1 _aPaoli, Rodolfo.
_988847
245 1 0 _aCarossa /
_cRodolfo Paoli.
260 _aPadova :
_bCedam,
_c1944.
300 _a91 p. ;
_c20 cm.
490 1 _aGuide di cultura contemporanea
830 0 _aGuide di cultura contemporanea
_9186982
852 _aES-MaACL
_jD-7911
_bR.29568
999 _c117636
_d117636